History Quiz

Random History or Clickable Quiz
Score 0/24 Timer 05:00
0 Plays Today
% Correct
Joe Biden
93.3%
Donald Trump
90.5%
George H. W. Bush
84.9%
Grover Cleveland (2nd term)
81.8%
Dwight Eisenhower
81.5%
Ronald Reagan
80.3%
George Washington
78.5%
Lyndon Johnson
67.2%
Harry Truman
65.8%
John Adams
65.5%
Gerald Ford
64%
Richard Nixon
63.2%
% Correct
Andrew Jackson
58.9%
Woodrow Wilson
58.7%
James Madison
54.4%
Thomas Jefferson
54%
William Henry Harrison
51%
John Quincy Adams
48.3%
James Monroe
48.2%
Benjamin Harrison
47.8%
Warren Harding
42.7%
James Buchanan
42.6%
Zachary Taylor
42.2%
Andrew Johnson
41.1%
Remove Ads.
Support Sporcle.
Get the best of Sporcle when you Go Orange. This ad-free experience offers more features, more stats, and more fun while also helping to support Sporcle. Thank you for becoming a member.

You're not logged in!

Compare scores with friends on all Sporcle quizzes.
OR
Log In

Show Comments

Extras

Top Quizzes Today


Score Distribution

Your Account Isn't Verified!

In order to create a playlist on Sporcle, you need to verify the email address you used during registration. Go to your Sporcle Settings to finish the process.

Report this User

Report this user for behavior that violates our Community Guidelines.

Details: